| 000 | 01861cam a2200325 a 4500 | ||
|---|---|---|---|
| 001 | 15729386 | ||
| 005 | 20170105102914.0 | ||
| 008 | 090508s2010 enk b 001 0 eng | ||
| 010 | _a 2009019403 | ||
| 015 |
_aGBA9C2409 _2bnb |
||
| 016 | 7 |
_a015442234 _2Uk |
|
| 020 | _a9780195398588 (hardcover : alk. paper) | ||
| 020 | _a9780195398595 (pbk. : alk. paper) | ||
| 035 | _a(OCoLC)ocn320895056 | ||
| 040 |
_aDLC _cDLC _dBTCTA _dUKM _dC#P _dYDXCP _dBWX _dCDX _dWKM _dDLC |
||
| 043 |
_aa-iq--- _an-us--- |
||
| 050 | 0 | 0 |
_aDS79.76 _b.I72628 2010 |
| 082 | 0 | 0 |
_a956.7044/31 _222 |
| 245 | 0 | 4 |
_aThe Iraq papers / _cedited by John Ehrenberg ... [et al.]. |
| 260 |
_aOxford ; _aNew York : _bOxford University Press, _cc2010. |
||
| 300 |
_axxxiv, 620 p. ; _c24 cm. |
||
| 504 | _aIncludes bibliographical references and index. | ||
| 505 | 0 | _aFrom containment to preemptive war : Iraq and the United States in a unipolar moment -- Organizing for preemptive war : Iraq and the presidency of George W. Bush -- International reaction to the war -- Liberators or occupiers? : the Coalition Provisional Authority -- Insurgency, counterinsurgency, or Civil War? -- Democratization from above or below? -- Securing oil, preempting development -- Human rights and international law : U.S. methods and operations in preemptive war -- Policing terror versus a war on terror -- Preemptive democracy -- The limits of preemption : The United States in the world. | |
| 650 | 0 |
_aIraq War, 2003-2011 _xCauses _vSources. |
|
| 650 | 0 |
_aPreemptive attack (Military science) _xGovernment policy _zUnited States _vSources. |
|
| 700 | 1 |
_aEhrenberg, John, _d1944- |
|
| 906 |
_a7 _bcbc _corignew _d1 _eecip _f20 _gy-gencatlg |
||
| 942 |
_2ddc _cBK |
||
| 999 |
_c15281 _d15281 |
||